00302nam a2200121Ia 45000030006000000080041000060400015000471000032000622450048000942600009001425460012001510050017001630STCL150530s9999 xx 000 0 und d aSTCLcSTCL aSivadasan, M; Mohanan, K.V. aBiodiversity and ecology concepts and facts c2000 aEnglish20220125170349.0